| 000 -LEADER |
| fixed length control field |
00455cam a22001097a 4500 |
| 008 - FIXED-LENGTH DATA ELEMENTS--GENERAL INFORMATION |
| fixed length control field |
180718b1957 xxu||||| |||| 00| 0 eng d |
| 082 ## - DEWEY DECIMAL CLASSIFICATION NUMBER |
| Classification number |
B67037x5464 T738 |
| 245 ## - TITLE STATEMENT |
| Title |
District manual, 1962 |
| Statement of responsibility, etc. |
by Civil Secretariat Organisation and Methods Department, Civil Secretariat, Tripura |
| 260 ## - PUBLICATION, DISTRIBUTION, ETC. |
| Place of publication, distribution, etc. |
Agartala |
| Name of publisher, distributor, etc. |
Organisation and Methods Department, Civil Secretariat |
| Date of publication, distribution, etc. |
1957 |
| 300 ## - PHYSICAL DESCRIPTION |
| Extent |
118p. |
| 700 ## - ADDED ENTRY--PERSONAL NAME |
| Personal name |
Tripura. Civil Secretariat. Organisation and Methods Department |